<?xml version="1.0" encoding="UTF-8"?>
<record
    xmlns:xsi="http://www.w3.org/2001/XMLSchema-instance"
    xsi:schemaLocation="http://www.loc.gov/MARC21/slim http://www.loc.gov/standards/marcxml/schema/MARC21slim.xsd"
    xmlns="http://www.loc.gov/MARC21/slim">

  <leader>02142nam a2200265uu 4500</leader>
  <controlfield tag="001">1381991</controlfield>
  <controlfield tag="005">20260508084955.0</controlfield>
  <controlfield tag="007">cr|||||||</controlfield>
  <controlfield tag="008">140815s2014                        spa  </controlfield>
  <datafield tag="035" ind1=" " ind2=" ">
    <subfield code="a">1381991</subfield>
  </datafield>
  <datafield tag="040" ind1=" " ind2=" ">
    <subfield code="c">comduadb</subfield>
  </datafield>
  <datafield tag="041" ind1=" " ind2=" ">
    <subfield code="a">spa</subfield>
  </datafield>
  <datafield tag="080" ind1=" " ind2=" ">
    <subfield code="a">MIE</subfield>
  </datafield>
  <datafield tag="100" ind1="1" ind2="0">
    <subfield code="a">Mendoza C&#xE1;rdenas, Carlos Henrry</subfield>
    <subfield code="4">aut</subfield>
    <subfield code="e">aut</subfield>
    <subfield code="9">585763</subfield>
  </datafield>
  <datafield tag="245" ind1="1" ind2="0">
    <subfield code="a">Evaluaci&#xF3;n de OFDM-OQAM en el sensado del espectro de un canal con desvanecimiento para un &#xE1;rea urbana</subfield>
  </datafield>
  <datafield tag="260" ind1=" " ind2=" ">
    <subfield code="a">Medell&#xED;n :</subfield>
    <subfield code="b">[sin publicador],</subfield>
    <subfield code="c">2014.</subfield>
  </datafield>
  <datafield tag="300" ind1=" " ind2=" ">
    <subfield code="a">50 p&#xE1;ginas</subfield>
  </datafield>
  <datafield tag="520" ind1="3" ind2=" ">
    <subfield code="a">En esta tesis se eval&#xFA;a OFDM -OQUAM como t&#xE9;cnica de sensado del espectro, utilizando como criterio de desempe&#xF1;o la probabilidad de no detecci&#xF3;n en funci&#xF3;n de la relaci&#xF3;n se&#xF1;al a ruido, con la probabilidad de falsa alarma y el tiempo de sensado como par&#xE1;metros. La evaluaci&#xF3;n se realiza en dos escenarios distintos. En el primer escenario se utilizan se&#xF1;ales de televisi&#xF3;n digital capturadas en campo, con el efecto multitrayectoria impl&#xED;cito, y se compara el desempe&#xF1;o de OFDM -OQAM con el del periodograma. En el segundo escenario se utilizan se&#xF1;ales generadas por computador, se simula un canal con desvanecimiento Rayleigh, y se compara el desempe&#xF1;o de OFDM -OQAM en ese canal frente a un canal AWGN. Para el primer escenario se encuentra que OFDM -OQAM tiene un desempe&#xF1;o superior al periodograma y para el segundo escenario no se encuentran diferencias significativas en el desempe&#xF1;o del sistema bajo los dos modelos de canal. Los resultados que arroja este estudio demuestran que OFDM -OQAM tiene potencial en sistemas de senado a dos etapas donde la primera etapa es el detector de energ&#xED;a y en esquemas donde la estimulaci&#xF3;n de la densidad espectral de potencia de la se&#xF1;al de entrada es un paso necesario.</subfield>
  </datafield>
  <datafield tag="650" ind1=" " ind2=" ">
    <subfield code="a">Bancos de filtros</subfield>
    <subfield code="9">17432</subfield>
  </datafield>
  <datafield tag="650" ind1=" " ind2=" ">
    <subfield code="a">Espectros</subfield>
    <subfield code="9">68649</subfield>
  </datafield>
  <datafield tag="650" ind1=" " ind2=" ">
    <subfield code="a">Relaci&#xF3;n se&#xF1;al a ruido</subfield>
    <subfield code="9">111067</subfield>
  </datafield>
  <datafield tag="700" ind1="1" ind2="0">
    <subfield code="a">Gaviria G&#xF3;mez, Natalia</subfield>
    <subfield code="4">ths</subfield>
    <subfield code="e">ths</subfield>
    <subfield code="9">271616</subfield>
  </datafield>
  <datafield tag="942" ind1=" " ind2=" ">
    <subfield code="c">TESIS</subfield>
  </datafield>
  <datafield tag="999" ind1=" " ind2=" ">
    <subfield code="c">683085</subfield>
    <subfield code="d">683085</subfield>
  </datafield>
  <datafield tag="500" ind1=" " ind2=" ">
    <subfield code="a">Tesis (Maestr&#xED;a en Ingenier&#xED;a con &#xE9;nfasis en El&#xE9;ctrica) Universidad de Antioquia. Facultad de Ingenier&#xED;a - T&#xED;tulo de la tesis</subfield>
  </datafield>
  <datafield tag="952" ind1=" " ind2=" ">
    <subfield code="0">0</subfield>
    <subfield code="1">0</subfield>
    <subfield code="4">0</subfield>
    <subfield code="7">0</subfield>
    <subfield code="8">TESELEC</subfield>
    <subfield code="a">CENDI</subfield>
    <subfield code="b">CENDI</subfield>
    <subfield code="d">2014-08-15</subfield>
    <subfield code="i">C1210155</subfield>
    <subfield code="l">0</subfield>
    <subfield code="o">MIE 09127</subfield>
    <subfield code="r">2023-05-02 00:00:00</subfield>
    <subfield code="t">1</subfield>
    <subfield code="w">2023-05-02</subfield>
    <subfield code="y">INTER</subfield>
    <subfield code="z">Acceso restringido.</subfield>
  </datafield>
</record>
